000 01107cam a22003011 4500
001 gs 60000191
003 DLC
005 20260227111409.0
008 780330s1960 dcua f000 0 eng
010 _ags 60000191
035 _a(OCoLC)3763968
040 _aDLC
_cUSlW
_dISS
_dOCoLC
_dDLC
042 _apremarc
050 0 0 _aQE75
_b.P9 no. 332
082 _a551.7709788
086 0 _aI 19.16:332
100 1 _aFisher, Daniel Jerome,
_d1896-
245 1 0 _aCretaceous and Tertiary formations of the Book Cliffs, Carbon, Emery, and Grand Counties, Utah, and Garfield and Mesa Counties, Colorado,
_cby D. Jerome Fisher, Charles E. Erdmann, and John B. Reeside, Jr.
260 _aWashington,
_bU.S. Govt. Print. Off.,
_c1960.
300 _aiv, 80 p.
_billus., maps,
_c30 cm.
410 2 0 _aGeological Survey (U.S.).
_tProfessional paper
_v332
500 _aPart of illustrative matter fold. in pocket.
504 _aBibliography: p. 76-78.
650 0 _aGeology, Stratigraphic
_yCretaceous.
650 0 _aGeology, Stratigraphic
_yTertiary.
650 0 _aGeology
_zUtah.
650 0 _aGeology
_zColorado.
999 _c29442
_d29442